And if we dont come back (Record no. 553844)

000 -LEADER
fixed length control field 00369nam a22001337a 4500
082 ## - DEWEY DECIMAL CLASSIFICATION NUMBER
Classification number 50298
Author Mark SHA
-- D
100 ## - MAIN ENTRY--PERSONAL NAME
Personal name Shaheer Ullah, LT
9 (RLIN) 51093
245 ## - TITLE STATEMENT
Title And if we dont come back
260 ## - PUBLICATION, DISTRIBUTION, ETC.
Place of publication, distribution, etc. Karachi,
Name of publisher, distributor, etc. Mehran Publishers,
Date of publication, distribution, etc. 2015.
300 ## - PHYSICAL DESCRIPTION
Extent 134p.
526 ## - STUDY PROGRAM INFORMATION NOTE
Program name 0
Interest level 0
Reading level 0
Title point value 50298_000000000000000_SHA
526 ## - STUDY PROGRAM INFORMATION NOTE
Program name 0
Interest level 0
Reading level 0
Title point value 50298_000000000000000_SHA
942 ## - ADDED ENTRY ELEMENTS (KOHA)
Source of classification or shelving scheme
Koha item type Book
Holdings
Withdrawn status Lost status Source of classification or shelving scheme Damaged status Not for loan Permanent Location Current Location Date acquired Total Checkouts Full call number Barcode Date last seen Date last checked out Price effective from Koha item type
          Military College of Engineering (MCE) Military College of Engineering (MCE) 04/24/2017 3 50298 SHA MCE-50298 04/16/2018 03/30/2018 03/14/2021 Book
          Military College of Engineering (MCE) Military College of Engineering (MCE) 04/25/2017 4 50298 SHA MCE-50299 06/25/2019 06/10/2019 04/25/2017 Book
© 2023 Central Library, National University of Sciences and Technology. All Rights Reserved.